000 00851nam a2200313 i 4500
999 _c996
_d996
001 017596600
003 Uk
005 20200311161515.0
008 151019s2016 enk j 000|1|eng|d
015 _aGBB764890
_2bnb
016 7 _a017596600
_2Uk
020 _a9780007559244 (pbk.) :
020 _a0007559240 (pbk.) :
040 _aStDuBDS
_beng
_cStDuBDS
_dUk
_erda
042 _aukblcatcopy
082 0 4 _aFIC OSE
_223
100 1 _aOseman, Alice,
_eauthor.
245 1 0 _aRadio silence /
_cAlice Oseman.
264 1 _aLondon :
_bHarperCollinsPublishers,
_c2016.
300 _a403 pages ;
_c20 cm
336 _atext
_2rdacontent
337 _aunmediated
_2rdamedia
338 _avolume
_2rdacarrier
521 1 _a13+.
530 _aAlso issued online.
655 0 _aYoung adult fiction.
655 0 _aContemporary
_vFiction
942 _2ddc
_cFIC